000
00433nam a2200133Ia 4500
008
151001s9999||||xx |||||||||||||| ||und||
100
_a
अनेक लेखक
245
_a
आचार्य अत्रे प्रतिभा आणि प्रतिमा
250
_a
1
260
_b
प्रेस्टीज पब्लिकेशन पुणे
260
_c
1997
300
_a
702
365
_b
25
999
_c
973366
_d
973363